[Event "GBR-ch"]
[Site "Aberystwyth, Wales"]
[Date "2014.07.28"]
[Round "9.2"]
[White "Fernandez, Daniel Howard"]
[Black "Howell, David W L"]
[Result "0-1"]
[WhiteElo "2396"]
[BlackElo "2650"]
[PlyCount "108"]
[EventDate "2014.07.19"]
[EventType "swiss"]
[EventRounds "11"]
[EventCountry "GBR"]
[Source "John Saunders"]
[SourceDate "2015.07.24"]

1. e4 e5 2. Nf3 Nc6 3. Bb5 a6 4. Ba4 Nf6 5. d3 d6 6. c3 g6 7. Nbd2 Bg7 8. Nf1
b5 9. Bc2 O-O 10. Ng3 Re8 11. O-O Bb7 12. a4 Nb8 13. axb5 axb5 14. Rxa8 Bxa8
15. Be3 c5 16. Bb1 Nbd7 17. Qb3 Qb8 18. Ng5 d5 19. exd5 Nxd5 20. Ba2 h6 21.
N5e4 Rc8 22. Qd1 f5 23. Bc1 Kh7 24. Nd2 Qa7 25. Bb1 Rf8 26. h4 Kh8 27. Nf3 Qb6
28. Re1 Qd6 29. d4 cxd4 30. h5 e4 31. Nxd4 Ne5 32. hxg6 Ne7 33. Nh5 Qxg6 34.
Nxg7 Kxg7 35. Bf4 Nf7 36. Nxb5 Nd5 37. Bh2 Kh7 38. c4 Rg8 39. Bg3 Nf6 40. Qd2
Nh5 41. Nc3 Nxg3 42. fxg3 Qxg3 43. Rf1 Nd6 44. Qf2 Qg5 45. Nd5 Bxd5 46. cxd5
Rg7 47. b4 Kh8 48. Bc2 Nc4 49. Re1 Ne5 50. Ra1 Ng4 51. Qg3 Qd2 52. Rf1 Ne3 53.
Qh3 Nxf1 54. Bxe4 Ng3 0-1

[Event "GBR-ch"]
[Site "Aberystwyth, Wales"]
[Date "2014.07.28"]
[Round "9.3"]
[White "Williams, Simon K"]
[Black "Hebden, Mark L"]
[Result "0-1"]
[WhiteElo "2462"]
[BlackElo "2554"]
[PlyCount "55"]
[EventDate "2014.07.19"]
[EventType "swiss"]
[EventRounds "11"]
[EventCountry "GBR"]
[Source "John Saunders"]
[SourceDate "2015.07.24"]

1. d4 Nf6 2. c4 g6 3. Nc3 Bg7 4. e4 d6 5. Nf3 O-O 6. Be2 e5 7. Be3 Ng4 8. Bg5
f6 9. Bh4 Nc6 10. dxe5 dxe5 11. Nd5 Nh6 12. h3 a5 13. g4 Nf7 14. Qb3 Ng5 15.
O-O-O Nxf3 16. Qxf3 Nd4 17. Rxd4 exd4 18. e5 g5 19. Bg3 fxe5 20. Qe4 Ra6 21.
Bd3 Rh6 22. Bxe5 c6 23. Bxg7 Kxg7 24. Qe5+ Kf7 25. f4 cxd5 26. fxg5 Re6 27.
Qf4+ Kg8 28. Bf5 0-1

[Event "GBR-ch"]
[Site "Aberystwyth, Wales"]
[Date "2014.07.28"]
[Round "9.4"]
[White "Ward, Chris G"]
[Black "Pert, Richard G"]
[Result "1/2-1/2"]
[WhiteElo "2422"]
[BlackElo "2430"]
[PlyCount "64"]
[EventDate "2014.07.19"]
[EventType "swiss"]
[EventRounds "11"]
[EventCountry "GBR"]
[Source "John Saunders"]
[SourceDate "2015.07.24"]

1. d4 e6 2. c4 f5 3. g3 Nf6 4. Bg2 Be7 5. Nh3 O-O 6. Nc3 d6 7. Nf4 e5 8. dxe5
dxe5 9. Qxd8 Bxd8 10. Ne6 Re8 11. Nxd8 Rxd8 12. Be3 c6 13. O-O Be6 14. b3 Kf7
15. Rad1 Rxd1 16. Rxd1 Nbd7 17. Na4 a6 18. Nb6 Re8 19. Nxd7 Nxd7 20. Bc1 a5 21.
e4 g6 22. exf5 Bxf5 23. h3 h5 24. Bg5 e4 25. Kf1 Ne5 26. Ke2 Nd3 27. Ke3 b5 28.
cxb5 cxb5 29. Rd2 Ne1 30. Bh1 Nf3 31. Bxf3 exf3+ 32. Kxf3 Bxh3 1/2-1/2

[Event "GBR-ch"]
[Site "Aberystwyth, Wales"]
[Date "2014.07.28"]
[Round "9.5"]
[White "Jackson, James P"]
[Black "Zhou, Yang-Fan"]
[Result "0-1"]
[WhiteElo "2320"]
[BlackElo "2475"]
[PlyCount "132"]
[EventDate "2014.07.19"]
[EventType "swiss"]
[EventRounds "11"]
[EventCountry "GBR"]
[Source "John Saunders"]
[SourceDate "2015.07.24"]

1. e4 c5 2. Nf3 e6 3. d4 cxd4 4. Nxd4 Nc6 5. Nb5 d6 6. Bf4 e5 7. Be3 Be7 8. c4
Nf6 9. N1c3 a6 10. Na3 Ng4 11. Nc2 O-O 12. Be2 Nxe3 13. Nxe3 Bg5 14. Nc2 Be6
15. O-O Rc8 16. Bg4 Na5 17. b3 b5 18. Nd5 bxc4 19. Ncb4 Nc6 20. Nxc6 Rxc6 21.
Be2 c3 22. Bc4 Bd2 23. Qc2 Qg5 24. Kh1 Kh8 25. Rfd1 Bxd5 26. Bxd5 Rb6 27. Rab1
f5 28. f3 Rb4 29. Bc4 fxe4 30. fxe4 Rf2 31. Rg1 Qh4 32. Qd3 c2 33. Rbf1 Rxf1
34. Rxf1 c1=Q 35. Qxd2 Qxf1+ 36. Bxf1 Rd4 37. Qc1 g6 38. Bxa6 Qg4 39. h3 Qxe4
40. a4 Qa8 41. Bb5 Qa7 42. Kh2 Kg7 43. Qe1 Qc5 44. Bc4 e4 45. Qg3 Qf5 46. Be2
Qc5 47. Qf4 g5 48. Qg3 h6 49. Bc4 h5 50. Be2 h4 51. Qe3 Rb4 52. Qxc5 dxc5 53.
Bc4 Rb8 54. Kg1 Rd8 55. Kf2 Rd2+ 56. Ke3 Rxg2 57. Bf1 Rg3+ 58. Kxe4 Rxb3 59.
Kd5 Ra3 60. Kxc5 Rxa4 61. Kd5 Kf6 62. Bg2 Kf5 63. Bf3 Kf4 64. Bg4 Kg3 65. Bd7
Rb4 66. Ke5 g4 0-1

[Event "GBR-ch"]
[Site "Aberystwyth, Wales"]
[Date "2014.07.28"]
[Round "9.6"]
[White "Emms, John M"]
[Black "Harvey, Marcus R"]
[Result "1-0"]
[WhiteElo "2456"]
[BlackElo "2287"]
[PlyCount "85"]
[EventDate "2014.07.19"]
[EventType "swiss"]
[EventRounds "11"]
[EventCountry "GBR"]
[Source "John Saunders"]
[SourceDate "2015.07.24"]

1. e4 e6 2. d4 d5 3. Nd2 c5 4. exd5 exd5 5. Ngf3 Nc6 6. Bb5 Bd6 7. dxc5 Bxc5 8.
O-O Nge7 9. Nb3 Bd6 10. Re1 O-O 11. Bd3 h6 12. h3 Re8 13. c3 a6 14. Bc2 Qc7 15.
Nbd4 Bd7 16. Qd3 Ng6 17. Bd2 Rad8 18. Nxc6 bxc6 19. Qxa6 c5 20. Qd3 c4 21.
Rxe8+ Rxe8 22. Qxd5 Bc6 23. Qxc4 Bxf3 24. Qxc7 Bxc7 25. Bxg6 fxg6 26. gxf3 Re2
27. Rd1 Bb6 28. Be3 Bxe3 29. fxe3 Rxb2 30. Ra1 Rc2 31. a4 Rxc3 32. Kf2 Kf7 33.
a5 Rc7 34. a6 Ra7 35. e4 g5 36. Ke3 Ke6 37. Kd4 Kd6 38. Ra2 g6 39. Ra1 h5 40.
Ra5 Kc7 41. Ke5 Kb6 42. Ra3 Ra8 43. a7 1-0

[Event "GBR-ch"]
[Site "Aberystwyth, Wales"]
[Date "2014.07.28"]
[Round "9.7"]
[White "Fernandez, Michael"]
[Black "Arkell, Keith C"]
[Result "0-1"]
[WhiteElo "2029"]
[BlackElo "2433"]
[PlyCount "72"]
[EventDate "2014.07.19"]
[EventType "swiss"]
[EventRounds "11"]
[EventCountry "GBR"]
[Source "John Saunders"]
[SourceDate "2015.07.24"]

1. e4 c6 2. Nc3 d5 3. Qf3 dxe4 4. Nxe4 Nd7 5. d4 Ndf6 6. Bd3 Nxe4 7. Bxe4 Nf6
8. Bd3 Qxd4 9. Ne2 Qg4 10. Qe3 Nd5 11. Qc5 e5 12. Qc4 Nb4 13. Qxg4 Nxd3+ 14.
cxd3 Bxg4 15. f3 Bf5 16. d4 Bd6 17. Be3 O-O 18. Kf2 Bd3 19. Rad1 Bxe2 20. Kxe2
Rfe8 21. d5 c5 22. g4 b5 23. Rc1 Rec8 24. Rc2 Rc7 25. Ra1 c4 26. Rac1 Rac8 27.
b3 c3 28. Kd3 b4 29. a4 bxa3 30. Rxc3 Rxc3+ 31. Rxc3 Rxc3+ 32. Kxc3 a5 33. Kc2
Kf8 34. Bc1 f6 35. Kd3 a2 36. Bb2 Bc5 0-1

[Event "GBR-ch"]
[Site "Aberystwyth, Wales"]
[Date "2014.07.28"]
[Round "9.8"]
[White "Tan, Justin"]
[Black "Haria, Ravi"]
[Result "1/2-1/2"]
[WhiteElo "2375"]
[BlackElo "2202"]
[PlyCount "80"]
[EventDate "2014.07.19"]
[EventType "swiss"]
[EventRounds "11"]
[EventCountry "GBR"]
[Source "John Saunders"]
[SourceDate "2015.07.24"]

1. Nf3 e6 2. g3 d5 3. c4 Nf6 4. Bg2 Be7 5. O-O O-O 6. b3 a5 7. Bb2 a4 8. Qc2 a3
9. Bc1 Nc6 10. d4 dxc4 11. Qxc4 Qd5 12. e3 Qh5 13. Nc3 e5 14. d5 Nb4 15. Qxc7
e4 16. Nxe4 Nfxd5 17. Qe5 Qxe5 18. Nxe5 f5 19. Nd2 Bf6 20. Ndc4 b5 21. f4 bxc4
22. bxc4 Ba6 23. Bxa3 Bxe5 24. fxe5 Bxc4 25. Bxb4 Nxb4 26. Rf4 Rac8 27. Rb1
Bxa2 28. Rbxb4 Rc5 29. Rb7 Rxe5 30. Ra4 Be6 31. Re7 Bb3 32. Rxe5 Bxa4 33. Bd5+
Kh8 34. Kf2 g6 35. h4 Re8 36. Rxe8+ Bxe8 37. Kf3 Kg7 38. Kf4 Kf6 39. g4 fxg4
40. Kxg4 h6 1/2-1/2

[Event "GBR-ch"]
[Site "Aberystwyth, Wales"]
[Date "2014.07.28"]
[Round "9.9"]
[White "Batchelor, Peter J"]
[Black "Lewis, Andrew P"]
[Result "1-0"]
[WhiteElo "2177"]
[BlackElo "2286"]
[PlyCount "67"]
[EventDate "2014.07.19"]
[EventType "swiss"]
[EventRounds "11"]
[EventCountry "GBR"]
[Source "John Saunders"]
[SourceDate "2015.07.24"]

1. d4 Nf6 2. Nf3 g6 3. g3 Bg7 4. Bg2 O-O 5. O-O d6 6. a4 a5 7. Nc3 Nc6 8. d5
Nb4 9. Nd4 e5 10. dxe6 fxe6 11. Ndb5 Qe7 12. e4 e5 13. Bg5 h6 14. Bxf6 Rxf6 15.
Nd5 Nxd5 16. exd5 h5 17. Ra3 Bg4 18. Qe1 e4 19. Qxe4 Re8 20. Re3 Qxe4 21. Rxe4
Rc8 22. Rfe1 Rf7 23. b3 Bf5 24. Rc4 Be5 25. f4 Bf6 26. h4 Kf8 27. Kh2 Rd7 28.
Bh3 c5 29. Bxf5 gxf5 30. Re6 Be7 31. Na3 Kg7 32. Rc3 Bf6 33. Rce3 Kf7 34. Nc4
1-0

[Event "GBR-ch"]
[Site "Aberystwyth, Wales"]
[Date "2014.07.28"]
[Round "9.10"]
[White "Mason, Donald J"]
[Black "Rudd, Jack"]
[Result "1-0"]
[WhiteElo "2167"]
[BlackElo "2278"]
[PlyCount "61"]
[EventDate "2014.07.19"]
[EventType "swiss"]
[EventRounds "11"]
[EventCountry "GBR"]
[Source "John Saunders"]
[SourceDate "2015.07.24"]

1. d4 Nf6 2. c4 e6 3. Nc3 c5 4. d5 exd5 5. cxd5 d6 6. e4 g6 7. f4 Bg7 8. Bb5+
Nfd7 9. Nf3 a6 10. Bd3 b5 11. O-O O-O 12. Kh1 c4 13. Bc2 Nc5 14. f5 Nbd7 15.
Bg5 Qe8 16. a3 Nf6 17. Qd2 Ncxe4 18. Bxe4 Nxe4 19. Nxe4 Qxe4 20. f6 Bh8 21.
Rae1 Qd3 22. Qf4 Qxd5 23. Rd1 Qf5 24. Qxd6 Bb7 25. Bh6 Rfe8 26. Ng5 Qg4 27. Rd2
Rac8 28. h3 Qh4 29. Qd7 Rf8 30. Bxf8 Rxf8 31. Qe7 1-0

[Event "GBR-ch"]
[Site "Aberystwyth, Wales"]
[Date "2014.07.28"]
[Round "9.12"]
[White "Jones, Steven A"]
[Black "Storey, Charles H"]
[Result "0-1"]
[WhiteElo "2064"]
[BlackElo "2241"]
[PlyCount "82"]
[EventDate "2014.07.19"]
[EventType "swiss"]
[EventRounds "11"]
[EventCountry "GBR"]
[Source "John Saunders"]
[SourceDate "2015.07.24"]

1. e4 e5 2. Nf3 Nc6 3. Bb5 Nf6 4. O-O Nxe4 5. d4 Nd6 6. Bxc6 dxc6 7. dxe5 Nf5
8. Qxd8+ Kxd8 9. Rd1+ Ke8 10. Nc3 Ne7 11. Nd4 Bd7 12. Ne4 Nf5 13. Ne2 Be7 14.
b3 a5 15. a4 h5 16. Bg5 Rd8 17. Nf4 b6 18. Rd3 Bc8 19. Rad1 Rxd3 20. Rxd3 Bxg5
21. Nxg5 Rh6 22. c3 Ne7 23. c4 Bf5 24. Re3 Be6 25. Nfxe6 fxe6 26. g3 c5 27. f4
Nf5 28. Rd3 Ke7 29. Kf2 Rh8 30. h3 Rf8 31. g4 Nd4 32. Ke3 hxg4 33. hxg4 Rh8 34.
Nf3 Nc2+ 35. Kf2 g6 36. Rd2 Nd4 37. Nxd4 cxd4 38. Rxd4 Rh3 39. b4 axb4 40. Ke1
Rc3 41. g5 b3 0-1

[Event "GBR-ch"]
[Site "Aberystwyth, Wales"]
[Date "2014.07.28"]
[Round "9.13"]
[White "Wadsworth, Matthew J"]
[Black "Hill, Alistair"]
[Result "1-0"]
[WhiteElo "2221"]
[BlackElo "2126"]
[PlyCount "117"]
[EventDate "2014.07.19"]
[EventType "swiss"]
[EventRounds "11"]
[EventCountry "GBR"]
[Source "John Saunders"]
[SourceDate "2015.07.24"]

1. e4 c5 2. Nf3 d6 3. d4 cxd4 4. Nxd4 Nf6 5. Nc3 a6 6. Be2 e5 7. Nb3 Be7 8. O-O
O-O 9. Be3 Be6 10. Nd5 Nxd5 11. exd5 Bf5 12. f3 Nd7 13. c4 Rc8 14. Qd2 Bg6 15.
Na5 Qc7 16. b4 Bd8 17. Rac1 Qb8 18. Nb3 Nf6 19. c5 Be7 20. c6 bxc6 21. Bxa6
Nxd5 22. Bxc8 Nxe3 23. Qxe3 Rxc8 24. a3 h6 25. g3 Bg5 26. f4 exf4 27. gxf4 Bd8
28. f5 Bb6 29. Nd4 Re8 30. Qd3 Bh5 31. Kh1 c5 32. Nc6 Qa8 33. Qd5 Be2 34. Rfe1
Bb5 35. Ne7+ Kf8 36. Qxa8 Rxa8 37. Rb1 cxb4 38. axb4 Ra7 39. Nd5 Bf2 40. Rec1
f6 41. Rc8+ Kf7 42. Rbc1 Bd7 43. R8c7 Rxc7 44. Rxc7 Ke8 45. Kg2 Bd4 46. Rc4 Ba7
47. b5 Bxf5 48. b6 Bb8 49. b7 Kd8 50. Nb6 Bc7 51. Nd5 Bb8 52. Nb4 d5 53. Rc1 d4
54. Nc6+ Kc7 55. Nxd4+ Kxb7 56. Nxf5 g6 57. Nxh6 Bf4 58. Rb1+ Kc6 59. Ng8 1-0

[Event "GBR-ch"]
[Site "Aberystwyth, Wales"]
[Date "2014.07.28"]
[Round "9.14"]
[White "Bullen, Alex"]
[Black "Brown, Martin"]
[Result "0-1"]
[WhiteElo "2054"]
[BlackElo "2194"]
[PlyCount "76"]
[EventDate "2014.07.19"]
[EventType "swiss"]
[EventRounds "11"]
[EventCountry "GBR"]
[Source "John Saunders"]
[SourceDate "2015.07.24"]

1. e4 e6 2. d4 d5 3. Nc3 Nf6 4. Bg5 Bb4 5. e5 h6 6. Bc1 Ne4 7. Qg4 g6 8. Nge2
c5 9. a3 Bxc3+ 10. Nxc3 Nxc3 11. bxc3 Qa5 12. Bd2 Qa4 13. Qe2 cxd4 14. Qb5+
Qxb5 15. Bxb5+ Bd7 16. Bxd7+ Kxd7 17. cxd4 Nc6 18. c3 Na5 19. Ke2 h5 20. Rhb1
b6 21. Kd3 Rac8 22. Rb4 Rc6 23. Rab1 Rhc8 24. Be1 Nc4 25. R4b3 f6 26. f4 g5 27.
fxg5 fxe5 28. h4 Rf8 29. Bg3 e4+ 30. Ke2 Na5 31. Be5 Nxb3 32. Rxb3 Ke8 33. g4
hxg4 34. h5 Rf3 35. h6 Rh3 36. Bg7 Kf7 37. Bf6 Kg6 38. a4 Rcxc3 0-1

[Event "GBR-ch"]
[Site "Aberystwyth, Wales"]
[Date "2014.07.28"]
[Round "9.15"]
[White "Zhang, Anthony Y"]
[Black "Shaw, Peter"]
[Result "0-1"]
[WhiteElo "1926"]
[BlackElo "2178"]
[PlyCount "84"]
[EventDate "2014.07.19"]
[EventType "swiss"]
[EventRounds "11"]
[EventCountry "GBR"]
[Source "John Saunders"]
[SourceDate "2015.07.24"]

1. d4 e6 2. Nf3 f5 3. g3 Nf6 4. Bg2 d5 5. O-O Bd6 6. b3 Qe7 7. c4 c6 8. Bb2 b6
9. Qc1 Bb7 10. Ba3 Nbd7 11. Bxd6 Qxd6 12. Qf4 Qxf4 13. gxf4 Rc8 14. Nbd2 Ke7
15. Rfd1 a5 16. a4 Ba6 17. e3 c5 18. Bf1 Bb7 19. Bg2 Rhg8 20. dxc5 Nxc5 21. Nd4
g5 22. fxg5 Rxg5 23. N4f3 Rg7 24. Kf1 Rcg8 25. Bh1 dxc4 26. Nxc4 Nxb3 27. Rab1
Ba6 28. Nfe5 Nd2+ 29. Rxd2 Rg1+ 30. Ke2 Bxc4+ 31. Nxc4 Rxb1 32. Bc6 Rc8 33. Ne5
Rc1 34. Bb7 R8c2 35. Rxc2 Rxc2+ 36. Kf3 Ra2 37. Bc6 Kd6 38. Kf4 Rxf2+ 39. Bf3
Nh5+ 40. Kg5 Kxe5 41. Bxh5 Rg2+ 42. Kh6 Rxh2 0-1

[Event "GBR-ch"]
[Site "Aberystwyth, Wales"]
[Date "2014.07.28"]
[Round "9.16"]
[White "Tambini, Jasper"]
[Black "Villiers, Thomas"]
[Result "1-0"]
[WhiteElo "2047"]
[BlackElo "2068"]
[PlyCount "85"]
[EventDate "2014.07.19"]
[EventType "swiss"]
[EventRounds "11"]
[EventCountry "GBR"]
[Source "John Saunders"]
[SourceDate "2015.07.24"]

1. e4 c6 2. d4 d5 3. Nc3 dxe4 4. Nxe4 Bf5 5. Ng3 Bg6 6. h4 h6 7. h5 Bh7 8. Nf3
Nd7 9. Bd3 Bxd3 10. Qxd3 e6 11. Bd2 Ngf6 12. O-O-O Qc7 13. Ne4 Nxe4 14. Qxe4
Nf6 15. Qe2 O-O-O 16. Kb1 Bd6 17. c4 Kb8 18. Bc3 Rhe8 19. Ne5 Qe7 20. g4 c5 21.
f4 cxd4 22. Bxd4 Nd7 23. Qe3 Nxe5 24. fxe5 Bc7 25. Bxa7+ Kc8 26. Bc5 Rxd1+ 27.
Rxd1 Qg5 28. Qxg5 hxg5 29. Rf1 Bxe5 30. Rxf7 Rd8 31. Rf8 Rxf8 32. Bxf8 Kd7 33.
b4 b6 34. b5 Kd8 35. Kc2 Ke8 36. Bb4 Kf7 37. Kd3 Bf6 38. Ke4 Ke8 39. a4 Bd8 40.
Bd6 Kd7 41. Be5 Bf6 42. Bxf6 gxf6 43. h6 1-0

[Event "GBR-ch"]
[Site "Aberystwyth, Wales"]
[Date "2014.07.28"]
[Round "9.17"]
[White "Waddington, Mike P"]
[Black "Hill, Clive E"]
[Result "1/2-1/2"]
[WhiteElo "2085"]
[BlackElo "2330"]
[PlyCount "20"]
[EventDate "2014.07.19"]
[EventType "swiss"]
[EventRounds "11"]
[EventCountry "GBR"]
[Source "John Saunders"]
[SourceDate "2015.07.24"]

1. Nc3 b6 2. e4 Bb7 3. d4 e6 4. Bd3 Nf6 5. Qe2 Nc6 6. Nf3 Nb4 7. Bb5 a6 8. Ba4
b5 9. Bb3 d5 10. exd5 Bxd5 1/2-1/2

[Event "GBR-ch"]
[Site "Aberystwyth, Wales"]
[Date "2014.07.28"]
[Round "9.18"]
[White "Kett, Tim"]
[Black "Davis, Lee"]
[Result "1-0"]
[WhiteElo "2270"]
[BlackElo "1978"]
[PlyCount "45"]
[EventDate "2014.07.19"]
[EventType "swiss"]
[EventRounds "11"]
[EventCountry "GBR"]
[Source "John Saunders"]
[SourceDate "2015.07.24"]

1. e4 g6 2. d4 d6 3. Nc3 Nf6 4. Be3 c6 5. Qd2 b5 6. Bd3 Nbd7 7. Nf3 Bb7 8. e5
dxe5 9. dxe5 Ng4 10. e6 Nde5 11. exf7+ Nxf7 12. Bf4 Bg7 13. O-O Nge5 14. Nxe5
Nxe5 15. Bxe5 Bxe5 16. Rfe1 Qc7 17. Qe3 Bxh2+ 18. Kh1 Bf4 19. Qe6 Qd6 20. Qg4
g5 21. Re6 Qb4 22. Rae1 Bd6 23. Rxe7+ 1-0

[Event "GBR-ch"]
[Site "Aberystwyth, Wales"]
[Date "2014.07.28"]
[Round "9.19"]
[White "Graham, David B"]
[Black "Taylor, Adam A"]
[Result "1-0"]
[WhiteElo "2155"]
[BlackElo "2021"]
[PlyCount "55"]
[EventDate "2014.07.19"]
[EventType "swiss"]
[EventRounds "11"]
[EventCountry "GBR"]
[Source "John Saunders"]
[SourceDate "2015.07.24"]

1. e4 c5 2. Nf3 e6 3. d3 Nc6 4. g3 g6 5. Bg2 Bg7 6. O-O Nge7 7. c3 d5 8. Qe2
dxe4 9. dxe4 O-O 10. Rd1 Qc7 11. Na3 a6 12. Nc4 b5 13. Nd6 Rd8 14. e5 Rb8 15.
Bf4 Nd5 16. Rxd5 exd5 17. Ng5 Bxe5 18. Ndxf7 Bxf4 19. Bxd5 Bxg5 20. Nxd8+ Kg7
21. Nxc6 Rb6 22. Qe8 Bd7 23. Qf7+ Kh6 24. h4 Rxc6 25. hxg5+ Kxg5 26. Bxc6 Qxc6
27. Qf4+ Kh5 28. Qh4# 1-0

[Event "GBR-ch"]
[Site "Aberystwyth, Wales"]
[Date "2014.07.28"]
[Round "9.20"]
[White "Hackner, Oskar A"]
[Black "Kalaiyalahan, Akshaya"]
[Result "1-0"]
[WhiteElo "2108"]
[BlackElo "2016"]
[PlyCount "68"]
[EventDate "2014.07.19"]
[EventType "swiss"]
[EventRounds "11"]
[EventCountry "GBR"]
[Source "John Saunders"]
[SourceDate "2015.07.24"]

1. d4 Nf6 2. c4 g6 3. Nc3 Bg7 4. e4 d6 5. Bd3 O-O 6. Nge2 Nc6 7. f3 Nd7 8. Bc2
e5 9. d5 Ne7 10. Be3 f5 11. b4 f4 12. Bf2 a6 13. c5 g5 14. h3 h5 15. a4 Ng6 16.
a5 g4 17. hxg4 hxg4 18. cxd6 cxd6 19. Na4 Qg5 20. Ra3 g3 21. Bg1 Nh4 22. Kf1
Rf6 23. Rc3 Rh6 24. Qc1 Qd8 25. Bb6 Nxb6 26. Nxb6 Rb8 27. Ba4 Qg5 28. Rxc8+
Rxc8 29. Qxc8+ Kh7 30. Rh3 Ng6 31. Be8 Nh4 32. Bf7 Bf6 33. Nd7 Be7 34. Ng1 Rf6
1-0

[Event "GBR-ch"]
[Site "Aberystwyth, Wales"]
[Date "2014.07.28"]
[Round "9.21"]
[White "Hoare, Amy B"]
[Black "Pleasants, Allan J"]
[Result "0-1"]
[WhiteElo "1950"]
[BlackElo "2061"]
[PlyCount "82"]
[EventDate "2014.07.19"]
[EventType "swiss"]
[EventRounds "11"]
[EventCountry "GBR"]
[Source "John Saunders"]
[SourceDate "2015.07.24"]

1. e4 d6 2. d4 g6 3. Nc3 Bg7 4. Be3 a6 5. Qd2 Nd7 6. f3 b5 7. h4 h6 8. a4 b4 9.
Nce2 c5 10. c3 bxc3 11. Nxc3 Rb8 12. a5 Ngf6 13. Na4 Qc7 14. Rc1 Qc6 15. Qc2
O-O 16. Bd3 Rb4 17. b3 Qb7 18. dxc5 dxc5 19. Nxc5 Nxc5 20. Bxc5 Rxb3 21. Bd4
Rd8 22. Bc3 Rxc3 23. Qxc3 Nxe4 24. Qc4 Ng3 25. Rh3 Bxh3 26. Nxh3 Qb2 27. Rc2
Qa1+ 28. Kf2 Nh1+ 29. Ke2 Qe5+ 30. Kf1 Rb8 31. Rc1 Rb2 32. Qc8+ Kh7 33. Qc5 Qg3
34. Qg1 Qd6 35. Bxg6+ fxg6 36. Qxh1 Qd3+ 37. Kg1 Qe3+ 38. Kh2 Be5+ 39. f4 Bxf4+
40. Nxf4 Qxf4+ 41. Kh3 Rb3+ 0-1

[Event "GBR-ch"]
[Site "Aberystwyth, Wales"]
[Date "2014.07.28"]
[Round "9.22"]
[White "Horton, Justin"]
[Black "Burnett, Jim"]
[Result "1/2-1/2"]
[WhiteElo "2104"]
[BlackElo "2124"]
[PlyCount "40"]
[EventDate "2014.07.19"]
[EventType "swiss"]
[EventRounds "11"]
[EventCountry "GBR"]
[Source "John Saunders"]
[SourceDate "2015.07.24"]

1. d4 d5 2. c4 e6 3. Nf3 c6 4. e3 Nf6 5. b3 Nbd7 6. Bb2 b6 7. Bd3 Bb7 8. O-O
Be7 9. Nc3 O-O 10. Qc2 h6 11. e4 dxe4 12. Nxe4 c5 13. Rad1 Qc7 14. dxc5 bxc5
15. Rfe1 Rad8 16. Qe2 Nxe4 17. Bxe4 Bf6 18. Bxb7 Qxb7 19. Rd6 Be7 20. Rd2 Nf6
1/2-1/2

[Event "GBR-ch"]
[Site "Aberystwyth, Wales"]
[Date "2014.07.28"]
[Round "9.23"]
[White "Wager, John D"]
[Black "Menadue, Jeremy F S"]
[Result "1/2-1/2"]
[WhiteElo "2099"]
[BlackElo "2117"]
[PlyCount "67"]
[EventDate "2014.07.19"]
[EventType "swiss"]
[EventRounds "11"]
[EventCountry "GBR"]
[Source "John Saunders"]
[SourceDate "2015.07.24"]

1. d4 d5 2. Nf3 Nf6 3. e3 c5 4. b3 Nc6 5. Bd3 e6 6. O-O Qc7 7. Bb2 cxd4 8. exd4
Nb4 9. Bb5+ Bd7 10. Bxd7+ Nxd7 11. c3 Nc6 12. Re1 O-O-O 13. a4 Rg8 14. Na3 Bxa3
15. Bxa3 g5 16. Nd2 Nf6 17. b4 Rg6 18. Qe2 Rh6 19. g3 g4 20. Rec1 Kb8 21. b5
Na5 22. c4 dxc4 23. Bb4 Rh5 24. Bxa5 Qxa5 25. Qxc4 Nd5 26. Ne4 Qb4 27. Qxb4
Nxb4 28. Rc4 Nd5 29. Rac1 Nb6 30. Rc7 Rf5 31. a5 Nd5 32. R7c4 Ne7 33. Rc7 Nd5
34. R7c4 1/2-1/2

[Event "GBR-ch"]
[Site "Aberystwyth, Wales"]
[Date "2014.07.28"]
[Round "9.24"]
[White "Simons, Martin J"]
[Black "Brown, Thomas"]
[Result "1/2-1/2"]
[WhiteElo "2087"]
[BlackElo "2104"]
[PlyCount "51"]
[EventDate "2014.07.19"]
[EventType "swiss"]
[EventRounds "11"]
[EventCountry "GBR"]
[Source "John Saunders"]
[SourceDate "2015.07.24"]

1. e4 c6 2. d4 d5 3. Nc3 dxe4 4. Bc4 Nf6 5. f3 exf3 6. Nxf3 Bf5 7. O-O e6 8.
Ne5 Bg6 9. g4 Nbd7 10. Nxg6 hxg6 11. g5 Qc7 12. Bf4 Bd6 13. Bxd6 Qxd6 14. Rf2
Rh4 15. gxf6 Nxf6 16. Be2 O-O-O 17. Bf3 g5 18. Qd2 g4 19. Bg2 g3 20. hxg3 Qxg3
21. Ne2 Qg6 22. Qd3 Qh6 23. Qg3 Rg4 24. Qh2 Qe3 25. Kf1 Rgxd4 26. Nxd4 1/2-1/2

[Event "GBR-ch"]
[Site "Aberystwyth, Wales"]
[Date "2014.07.28"]
[Round "9.25"]
[White "Elwin, Adrian G"]
[Black "Hughes, Roy"]
[Result "1-0"]
[WhiteElo "1974"]
[BlackElo "2059"]
[PlyCount "63"]
[EventDate "2014.07.19"]
[EventType "swiss"]
[EventRounds "11"]
[EventCountry "GBR"]
[Source "John Saunders"]
[SourceDate "2015.07.24"]

1. d4 g6 2. Nf3 Bg7 3. e4 d6 4. Bc4 Nd7 5. Bxf7+ Kxf7 6. Ng5+ Ke8 7. Ne6 Ngf6
8. Nxd8 Kxd8 9. f3 c6 10. Bg5 Kc7 11. c4 e5 12. d5 c5 13. Nc3 a6 14. Rb1 h6 15.
Be3 Nb6 16. Qe2 a5 17. O-O g5 18. Nb5+ Kd7 19. Nxd6 Kxd6 20. Bxc5+ Kxc5 21.
Qe3+ Kd6 22. Qxb6+ Ke7 23. c5 Re8 24. Rfd1 Kf8 25. c6 bxc6 26. dxc6 Be6 27. c7
Kf7 28. Rbc1 Bf8 29. Qb7 Kg8 30. Rc6 Nxe4 31. Rxe6 Bc5+ 32. Kf1 1-0

[Event "GBR-ch"]
[Site "Aberystwyth, Wales"]
[Date "2014.07.28"]
[Round "9.26"]
[White "Brusey, Alan W"]
[Black "Lenier, Jude A"]
[Result "1-0"]
[WhiteElo "1951"]
[BlackElo "2099"]
[PlyCount "55"]
[EventDate "2014.07.19"]
[EventType "swiss"]
[EventRounds "11"]
[EventCountry "GBR"]
[Source "John Saunders"]
[SourceDate "2015.07.24"]

1. e4 e5 2. Nf3 Nc6 3. Nc3 Nf6 4. Bb5 Bc5 5. O-O Qe7 6. Nd5 Nxd5 7. exd5 Nd4 8.
Nxd4 Bxd4 9. c3 Bb6 10. d4 O-O 11. dxe5 Qxe5 12. Re1 Qf6 13. Be3 c6 14. Bd3 d6
15. Qd2 cxd5 16. Bg5 Bxf2+ 17. Kh1 Bxe1 18. Rxe1 Qe5 19. Rxe5 dxe5 20. Bc2 Be6
21. Bb3 h6 22. Bh4 e4 23. h3 Rfe8 24. Qd4 g5 25. Bf2 a6 26. Qf6 Kh7 27. Bd4 Rg8
28. Bxd5 1-0

[Event "GBR-ch"]
[Site "Aberystwyth, Wales"]
[Date "2014.07.28"]
[Round "9.27"]
[White "Fraser, John"]
[Black "Clancy, Martin J"]
[Result "1/2-1/2"]
[WhiteElo "1854"]
[BlackElo "2009"]
[PlyCount "56"]
[EventDate "2014.07.19"]
[EventType "swiss"]
[EventRounds "11"]
[EventCountry "GBR"]
[Source "John Saunders"]
[SourceDate "2015.07.24"]

1. e4 c5 2. Nf3 d6 3. d4 cxd4 4. Nxd4 Nf6 5. Nc3 Nc6 6. Bg5 Bd7 7. Qd2 Rc8 8.
f3 a6 9. O-O-O Nxd4 10. Qxd4 Qa5 11. Be3 g6 12. Qb6 Qxb6 13. Bxb6 Rc6 14. Bd4
e5 15. Be3 Be7 16. Bh6 Bf8 17. Bg5 Be7 18. Bxf6 Bxf6 19. Nd5 Be7 20. h4 f5 21.
h5 gxh5 22. Bd3 Bg5+ 23. Kb1 h4 24. exf5 Rf8 25. f6 Be6 26. Bxh7 Bxd5 27. Rxd5
Bxf6 28. Bf5 Ke7 1/2-1/2